| 000 | 00593nam a2200157 i 4500 | ||
|---|---|---|---|
| 001 | 95805 | ||
| 003 | ES-MaACL | ||
| 005 | 20230906181756.0 | ||
| 007 | t| | ||
| 008 | 050606s1903 sp ||||1| spa d | ||
| 100 | 1 |
_aMacías y García, Marcelo. _975226 |
|
| 245 | 1 | 0 |
_aEpigrafía romana de la Ciudad de Astorga _b: precedida por una reseña histórica de la antigua "Astúrica augusta" y seguida de interesantes apéndices e índices completísimos / _cpor el Dr. Marcelo Macías y García. |
| 260 |
_aOrense : _bOtero, _c1903. |
||
| 300 |
_aXIX, 196 p. ; _c21 cm. |
||
| 852 |
_aES-MaACL _jG-452 |
||
| 999 |
_c95805 _d95805 |
||